Tattoos and Sonic Imitation: Mantras, Body Tuning and Tattooing as Sounding

Tattoos are sensory experiences, requiring analyses that consider them not only as images but also as intersensory, bodily experiences and practices. Taking into account the interrelation of sound, vision and touch in tattooing, this study focuses on godna: the tattoos and historical tattooing pract...

Full description

Saved in:  
Bibliographic Details
Main Author: Kloß, Sinah Theres (Author)
Format: Electronic Article
Language:English
Check availability: HBZ Gateway
Interlibrary Loan:Interlibrary Loan for the Fachinformationsdienste (Specialized Information Services in Germany)
Published: 2025
In: Material religion
Year: 2025, Volume: 21, Issue: 2, Pages: 137-159
Further subjects:B TATTOOING
B entrainment
B Hinduism
B sensory Anthropology
B sonic purification
Online Access: Volltext (lizenzpflichtig)

MARC

LEADER 00000caa a22000002c 4500
001 1929301707
003 DE-627
005 20250629054812.0
007 cr uuu---uuuuu
008 250628s2025 xx |||||o 00| ||eng c
024 7 |a 10.1080/17432200.2024.2418221  |2 doi 
035 |a (DE-627)1929301707 
035 |a (DE-599)KXP1929301707 
040 |a DE-627  |b ger  |c DE-627  |e rda 
041 |a eng 
084 |a 0  |2 ssgn 
100 1 |e VerfasserIn  |0 (DE-588)1114088862  |0 (DE-627)868026735  |0 (DE-576)427306388  |4 aut  |a Kloß, Sinah Theres 
109 |a Kloß, Sinah Theres  |a Kloß, Sinah 
245 1 0 |a Tattoos and Sonic Imitation: Mantras, Body Tuning and Tattooing as Sounding 
264 1 |c 2025 
336 |a Text  |b txt  |2 rdacontent 
337 |a Computermedien  |b c  |2 rdamedia 
338 |a Online-Ressource  |b cr  |2 rdacarrier 
520 |a Tattoos are sensory experiences, requiring analyses that consider them not only as images but also as intersensory, bodily experiences and practices. Taking into account the interrelation of sound, vision and touch in tattooing, this study focuses on godna: the tattoos and historical tattooing practices of Surinamese and Guyanese Hindus. Godnas may be conceptualised as sound events, as among other things they include Hindu mantras. Like recited mantras, tattooed mantras enforce powerful sonic patterns that can affect human bodies through auditory purification. They harmonise, transduce and attune a body’s sound to eternal and auspicious (world) sounds. This tuning is often supported by vocal and tactile rhythm during the tattooing process, audible and inaudible sound. Such mimetic copying of auspicious sound vibrations is based on the strategic process of sonic imitation, which is a kind of rhythmic entrainment. 
650 4 |a sensory Anthropology 
650 4 |a sonic purification 
650 4 |a Hinduism 
650 4 |a entrainment 
650 4 |a TATTOOING 
773 0 8 |i Enthalten in  |t Material religion  |d Abingdon : Taylor & Francis, 2005  |g 21(2025), 2, Seite 137-159  |h Online-Ressource  |w (DE-627)490718434  |w (DE-600)2192970-1  |w (DE-576)273875507  |x 1751-8342  |7 nnas 
773 1 8 |g volume:21  |g year:2025  |g number:2  |g pages:137-159 
856 4 0 |u https://doi.org/10.1080/17432200.2024.2418221  |x Resolving-System  |z lizenzpflichtig  |3 Volltext  |7 1 
935 |a mteo 
951 |a AR 
ELC |a 1 
ITA |a 1  |t 1 
LOK |0 000 xxxxxcx a22 zn 4500 
LOK |0 001 4739406128 
LOK |0 003 DE-627 
LOK |0 004 1929301707 
LOK |0 005 20250628055508 
LOK |0 008 250628||||||||||||||||ger||||||| 
LOK |0 035   |a (DE-Tue135)IxTheo#2025-06-27#2B282AD3FAC52B264DF3C95949221F745FBF5C70 
LOK |0 040   |a DE-Tue135  |c DE-627  |d DE-Tue135 
LOK |0 092   |o n 
LOK |0 852   |a DE-Tue135 
LOK |0 852 1  |9 00 
LOK |0 935   |a ixzs  |a zota 
LOK |0 939   |a 28-06-25  |b l01 
ORI |a SA-MARC-ixtheoa001.raw 
REL |a 1 
SUB |a REL